| 000 | 01106ncm a2200253 a 4500 | ||
|---|---|---|---|
| 001 | raccoonsmusicala00bern | ||
| 003 | CaSfIA | ||
| 005 | 20210118213359.0 | ||
| 007 | cr|||| | ||
| 008 | 770722s1977 xxu||| |||||||nn eng|d | ||
| 035 | _a(UK-BiTAL)fea02739bee04b0aa15f06e81a9feef2 | ||
| 035 | _a()x0407138 | ||
| 040 |
_aBM _cBM _dUK-BiTAL _dBIBLIOS _dCaSfIA |
||
| 084 |
_aQPJ _2bcmc |
||
| 100 | 1 | _aBernstein, Seymour. | |
| 240 | 1 | 0 | _aRaccoons |
| 245 | 1 | 0 |
_aRaccoons : _h[electronic resource] _ba musical adventure for the piano / _cmusic, story and photos by Seymour Bernstein. |
| 260 |
_aNew York : _bTetra Music : _bBroude, _c1977. |
||
| 500 | _aScore. | ||
| 856 | 4 | 1 |
_uhttp://www.archive.org/details/raccoonsmusicala00bern _zFree eBook from the Internet Archive |
| 942 | _cEB | ||
| 506 | _fНеобхідна авторизація на https://archive.org/ (створення облікового запису безкоштовно) | ||
| 506 | _fНеобхідна авторизація на https://openlibrary.org/ (створення облікового запису безкоштовно) | ||
| 999 |
_c540995 _d540995 |
||